000
00215 a2200097 4500
001
57885
100
_a
245
_a
Waris shah; zindagi aur zamana
260
_a
Islamabad
_b
Lock Virsa
_c
2002
090
_c
35496
_d
35496
942
_a
NUST-CAE
_c
_c
28331
999
_c
292958
_d
292958